LEADER 00694nas a2200193 i 4500 001 000000201794 003 CaOOAMICUS 005 20110505000000.0 008 110505b1926 it uu u0 0ita r 013 $a180500 040 $aSeMil$bita 245 10$a1926. 260 $aRoma :$bFides Romana,$c1926. 300 $a572 p. :$bill. ;$c18 cm. 773 0 $tAnnuario cattolico italiano.$dRoma : Francesco Ferrari : [dal 1925]... Fides Romana, 1922-1938.$w()24890 850 $aSeMil 852 $aSeMil$W1$xVenegono$y1$m5B II 20 FA$j248297$B152320$CSeMilBibl$Z2$F163437 $85 996 $6245$a1926$9(OLS)http://semarc/title/140481 996 $6260$aRoma :$bFides Romana$9(OLS)http://semarc/publisher/40912 LEADER 00644naa a2200145 i 4500 001 000000302524 003 CaOOAMICUS 005 20180831172743.0 008 180831n xx u000 u und u 013 $a10258 040 $aSeMil$bita 100 1 $aCothenet, Édouard <1924- >.$0(OLS)http://semarc/name/8217 245 12$aL'arrière plan vétérotestamentaire du 4. évangile. 773 0 $aAmphoux, Christian-Bernard$tOrigine et postérité de l'évangile de Jean.$dParis : Les Éditions du Cerf, copyr. 1990.$kLectio divina $z2-204-04133-5$w()36353 996 $6245$aL'arrière plan vétérotestamentaire du 4. évangile$9(OLS)http://semarc/title/378499